How to do Still Life (Record no. 575)
[ view plain ]
| 000 -LEADER | |
|---|---|
| fixed length control field | 00237nam a2200097Ia 4500 |
| 008 - FIXED-LENGTH DATA ELEMENTS--GENERAL INFORMATION | |
| fixed length control field | 200302s9999 xx 000 0 und d |
| 100 ## - MAIN ENTRY--PERSONAL NAME | |
| Personal name | Ieon Franks |
| 245 ## - TITLE STATEMENT | |
| Title | How to do Still Life |
| 260 ## - PUBLICATION, DISTRIBUTION, ETC. | |
| Name of publisher, distributor, etc. | Walter T. Foster Publication |
| 300 ## - PHYSICAL DESCRIPTION | |
| Extent | 30 P., |
| Withdrawn status | Lost status | Damaged status | Not for loan | Permanent Location | Current Location | Date acquired | Full call number | Barcode | Date last seen | Price effective from | Koha item type |
|---|---|---|---|---|---|---|---|---|---|---|---|
| BMS College of Architecture, Design and Planning | BMS College of Architecture, Design and Planning | 2020-03-03 | 757 | CL-UG21821 | 2020-03-03 | 2020-03-03 | UG Books from CL |